000 00394pam a2200169 a 4500
020 _c
041 _h
082 _a642.60941
100 _aCRACKNELL H.L.
_eAuthor
245 _aMASTERING RESTAURANT SERVICE
_cCRACKNELL H.L.
_hTextual Documents
250 _a1st
260 _aLondon
_bMamillan Edu
300 _a361
653 _aFood Producation
700 _eCo-Author
930 _a3219
999 _c230617
_d230617